[Event "I Torneo Città di Biella"]
[Site "Biella ITA"]
[Date "2010.09.26"]
[Round "5.28"]
[White "Caprioglio, Giovanni"]
[Black "Moratto, Davide"]
[Result "1/2-1/2"]
[WhiteElo "1455"]
[BlackElo "1854"]
[PlyCount "91"]
[EventDate "2010.09.24"]

1. e4 c6 2. d4 g6 3. Nf3 d5 4. exd5 cxd5 5. c4 Bg7 6. Nc3 Nf6 7. Be2 O-O 8. O-O
e6 9. b3 Ne4 10. Qd3 Nxc3 11. Qxc3 b6 12. Bg5 f6 13. Bf4 Bb7 14. Rfe1 Re8 15.
Rac1 Na6 16. Nd2 e5 17. Be3 Rc8 18. Qb2 e4 19. cxd5 Rxc1 20. Rxc1 Nb4 21. Bc4
Kh8 22. Kf1 Bxd5 23. Bb5 Rf8 24. a3 Nd3 25. Bxd3 exd3 26. Qc3 Qd6 27. g3 Qd7
28. Qxd3 Qh3+ 29. Ke1 Qxh2 30. Rc7 Re8 31. Qb5 Rxe3+ 32. fxe3 Qxg3+ 33. Kd1
Qxc7 34. Qxd5 h5 35. Qe6 Qd8 36. d5 Bf8 37. Qf7 Bxa3 38. Ne4 Qe7 39. Qxg6 Bb2
40. Qxh5+ Kg7 41. Qg4+ Kf8 42. d6 Qe5 43. Qc8+ Kg7 44. Qd7+ Kg6 45. Qg4+ Kf7
46. Qd7+ 1/2-1/2

[Event "I Torneo Città di Biella"]
[Site "Biella ITA"]
[Date "2010.09.26"]
[Round "5.29"]
[White "Monticone, Sonia"]
[Black "Leopardi, Stefano"]
[Result "1-0"]
[WhiteElo "1827"]
[BlackElo "1599"]
[PlyCount "87"]
[EventDate "2010.09.24"]

1. c4 e5 2. Nc3 Nf6 3. g3 Nc6 4. Bg2 Be7 5. e3 O-O 6. Nge2 d6 7. O-O Be6 8. b3
Qd7 9. d4 Bh3 10. Bb2 Bxg2 11. Kxg2 exd4 12. Nxd4 Nxd4 13. Qxd4 Qe6 14. Nd5
Rfc8 15. Rad1 Ne8 16. e4 f6 17. f4 a5 18. Rfe1 Bf8 19. Qd3 g6 20. f5 Qf7 21.
Qf3 g5 22. Qg4 h5 23. Qf3 b6 24. Qe3 Kh7 25. Qd4 Bg7 26. Qd2 Bh6 27. Bc1 Qf8
28. Qe2 g4 29. Nf4 Bxf4 30. Bxf4 Qf7 31. Bc1 Ng7 32. Qe3 Kg8 33. Qh6 Rf8 34.
Rh1 Qe8 35. Rde1 Kf7 36. Bb2 Qe7 37. Qg6+ Kg8 38. h3 gxh3+ 39. Rxh3 Qf7 40. Qh6
Rae8 41. g4 Re7 42. gxh5 Ne8 43. Rg3+ Ng7 44. Rg6 1-0

[Event "I Torneo Città di Biella"]
[Site "Biella ITA"]
[Date "2010.09.26"]
[Round "5.30"]
[White "Zannoni, Gianni"]
[Black "Gerosa, Davide"]
[Result "1-0"]
[WhiteElo "1812"]
[BlackElo "1542"]
[PlyCount "99"]
[EventDate "2010.09.24"]

1. e4 e5 2. Nf3 Nc6 3. Bb5 a6 4. Ba4 Nf6 5. O-O d6 6. d4 b5 7. dxe5 dxe5 8.
Qxd8+ Kxd8 9. Bb3 Bb7 10. Ng5 Kc8 11. Nxf7 Rg8 12. Ng5 Rh8 13. f3 Bc5+ 14. Kh1
h6 15. Ne6 g5 16. Nxc5 a5 17. Be3 Rf8 18. Be6+ Kd8 19. Nxb7+ Ke8 20. Nc3 b4 21.
Nd5 Rb8 22. Nc5 Nxd5 23. Bxd5 Ne7 24. Rfd1 Rd8 25. Ne6 Nxd5 26. exd5 Rf6 27.
Nxd8 Kxd8 28. c4 bxc3 29. bxc3 Kd7 30. c4 c6 31. Bc5 cxd5 32. cxd5 h5 33. Rab1
g4 34. fxg4 hxg4 35. Rb7+ Kc8 36. Re7 Rh6 37. Rf1 Rh8 38. Rxe5 g3 39. Rf8+ Rxf8
40. Bxf8 gxh2 41. Re7 a4 42. d6 a3 43. Ra7 Kd8 44. Be7+ Kc8 45. d7+ Kb8 46.
d8=Q+ Kxa7 47. Qc7+ Ka6 48. Qb8 Ka5 49. Bc5 Ka6 50. Qb6# 1-0

[Event "I Torneo Città di Biella"]
[Site "Biella ITA"]
[Date "2010.09.26"]
[Round "5.31"]
[White "De Luca, Fabio"]
[Black "Briata, Federico"]
[Result "1/2-1/2"]
[WhiteElo "1803"]
[BlackElo "1542"]
[PlyCount "73"]
[EventDate "2010.09.24"]

1. e4 c5 2. Nf3 d6 3. d4 cxd4 4. c3 dxc3 5. Nxc3 Nf6 6. Bc4 Nc6 7. O-O e6 8.
Qe2 Be7 9. Rd1 Qc7 10. Nb5 Qb8 11. Bf4 e5 12. Bg5 a6 13. Nc3 b5 14. Bb3 Be6 15.
Nd5 Bxd5 16. Bxd5 Nxd5 17. Rxd5 Bxg5 18. Nxg5 O-O 19. Rad1 Nd4 20. Qh5 h6 21.
Nf3 Nxf3+ 22. Qxf3 Rd8 23. Qd3 Qb7 24. f3 Qb6+ 25. Kf1 Rac8 26. Rxd6 Rxd6 27.
Qxd6 Qxd6 28. Rxd6 Rc1+ 29. Ke2 Rc2+ 30. Rd2 Rc6 31. Kd1 Kf8 32. Rd7 Rg6 33. g3
Rf6 34. Ke2 Rc6 35. Kd2 Ke8 36. Ra7 Kf8 37. Rd7 1/2-1/2

[Event "I Torneo Città di Biella"]
[Site "Biella ITA"]
[Date "2010.09.26"]
[Round "5.32"]
[White "Stefanini, Niccolo'"]
[Black "Scagliotti, Guglielmo"]
[Result "0-1"]
[WhiteElo "1488"]
[BlackElo "1781"]
[PlyCount "94"]
[EventDate "2010.09.24"]

1. e4 c5 2. Nf3 d6 3. Bb5+ Bd7 4. Bxd7+ Qxd7 5. O-O g6 6. Re1 Bg7 7. c3 Nc6 8.
d4 b6 9. e5 cxd4 10. cxd4 dxe5 11. d5 Nd4 12. Nc3 Nxf3+ 13. Qxf3 Rc8 14. Bg5 f6
15. Bh4 Nh6 16. Rac1 O-O 17. Ne4 Kh8 18. Nc3 Nf5 19. Bg3 Nd4 20. Qd3 Bh6 21.
Rcd1 Qf5 22. Qxf5 Nxf5 23. Rd2 Bxd2 24. Rd1 Bxc3 25. bxc3 Nxg3 26. hxg3 Rxc3
27. Rd2 Rd8 28. Kh2 Rc5 29. Rd3 Rcxd5 30. Ra3 R8d7 31. Ra6 e4 32. Kg1 Rd1+ 33.
Kh2 R7d5 34. g4 R5d3 35. Rxa7 Rd7 36. Ra8+ Kg7 37. a4 f5 38. g5 f4 39. Ra6 e3
40. fxe3 fxe3 41. Rxb6 e2 42. Re6 e1=Q 43. Rxe1 Rxe1 44. a5 h6 45. a6 hxg5 46.
Kh3 Re3+ 47. Kg4 Rd4+ 0-1

[Event "I Torneo Città di Biella"]
[Site "Biella ITA"]
[Date "2010.09.26"]
[Round "5.33"]
[White "Costantino, Gian Franco"]
[Black "Pagani, Luca"]
[Result "1/2-1/2"]
[WhiteElo "1758"]
[BlackElo "1506"]
[PlyCount "60"]
[EventDate "2010.09.24"]

1. e4 c6 2. d4 d5 3. Nc3 dxe4 4. Nxe4 Nf6 5. Ng3 e6 6. Nf3 h6 7. Bc4 b5 8. Bb3
c5 9. c3 Bb7 10. O-O Be7 11. Re1 O-O 12. Be3 c4 13. Bc2 Nbd7 14. Qd2 Ng4 15.
Be4 Bxe4 16. Nxe4 Nxe3 17. Qxe3 Nf6 18. Ne5 Nxe4 19. Qxe4 Bd6 20. Re3 Bxe5 21.
Qxe5 Qd5 22. Qxd5 exd5 23. Re7 Rfe8 24. Rae1 Kf8 25. Rxe8+ Rxe8 26. Rxe8+ Kxe8
27. Kf1 Ke7 28. Ke2 Ke6 29. g4 f5 30. f3 f4 1/2-1/2

[Event "I Torneo Città di Biella"]
[Site "Biella ITA"]
[Date "2010.09.26"]
[Round "5.34"]
[White "Montilli, Vincenzo"]
[Black "Lavino, Stefano"]
[Result "1-0"]
[WhiteElo "1503"]
[BlackElo "1755"]
[PlyCount "115"]
[EventDate "2010.09.24"]

1. d4 Nf6 2. c4 g6 3. Nc3 d5 4. cxd5 Nxd5 5. e4 Nxc3 6. bxc3 Bg7 7. Bc4 c5 8.
Be3 O-O 9. Rc1 Nc6 10. Ne2 cxd4 11. cxd4 e6 12. O-O Bd7 13. f4 Na5 14. Bd3 b6
15. Qd2 Rc8 16. f5 Rxc1 17. Qxc1 Qc8 18. f6 Bh8 19. e5 Bc6 20. Rf4 Bd5 21. Qd2
Nc4 22. Bxc4 Qxc4 23. Nc3 Rc8 24. Nxd5 exd5 25. Rf1 h5 26. Rc1 Qa6 27. Rxc8+
Qxc8 28. Qc1 Qa6 29. Qc2 Qb7 30. h3 b5 31. Qc5 a6 32. Bd2 Qd7 33. Qe7 Qc8 34.
Qc5 Qd7 35. Bb4 Qe6 36. Qd6 Qc8 37. Bc5 Qb7 38. Kf2 Qc8 39. Qxd5 Qf5+ 40. Qf3
Qc2+ 41. Qe2 Qf5+ 42. Kg1 Bxf6 43. exf6 Qxf6 44. Qe7 Qf5 45. Qe8+ Kh7 46. a3
Qb1+ 47. Kh2 Qf5 48. Qe5 Qd7 49. Bf8 f6 50. Qxf6 Qc7+ 51. Bd6 Qg7 52. Qxg7+
Kxg7 53. Kg3 Kf7 54. Kf4 Ke6 55. Be5 a5 56. Ke4 b4 57. d5+ Kd7 58. axb4 1-0

[Event "I Torneo Città di Biella"]
[Site "Biella ITA"]
[Date "2010.09.26"]
[Round "5.35"]
[White "Gemelli, Giovanni"]
[Black "Rocchi, Enrico"]
[Result "1-0"]
[WhiteElo "1500"]
[BlackElo "1966"]
[PlyCount "35"]
[EventDate "2010.09.24"]

1. e4 e5 2. Nf3 Nc6 3. d4 exd4 4. Nxd4 Bc5 5. Be3 Qf6 6. c3 Nge7 7. Bc4 Ne5 8.
Bb3 O-O 9. O-O Qg6 10. Nf5 Nxf5 11. exf5 Qb6 12. Bxc5 Qxc5 13. Nd2 d6 14. Ne4
Qb6 15. f6 g6 16. Qd2 Kh8 17. Qh6 Rg8 18. Ng5 1-0

[Event "I Torneo Città di Biella"]
[Site "Biella ITA"]
[Date "2010.09.26"]
[Round "5.36"]
[White "Giordani, Pierino"]
[Black "Squara, Marco"]
[Result "0-1"]
[WhiteElo "1365"]
[BlackElo "1806"]
[PlyCount "120"]
[EventDate "2010.09.24"]

1. d4 Nf6 2. c4 e6 3. Nf3 Bb4+ 4. Bd2 Bxd2+ 5. Nbxd2 d5 6. e3 O-O 7. Bd3 Nbd7
8. O-O Re8 9. Re1 e5 10. e4 dxe4 11. Nxe4 exd4 12. Nxf6+ Nxf6 13. Rxe8+ Qxe8
14. Nxd4 Bd7 15. Qd2 Rd8 16. Re1 Qf8 17. Qf4 c5 18. Nf5 Bxf5 19. Bxf5 g6 20.
Bc2 Nh5 21. Qc1 Rd4 22. b3 Qd8 23. g3 Ng7 24. h3 Ne6 25. Be4 b6 26. f4 Nc7 27.
f5 Rd6 28. fxg6 hxg6 29. b4 Qf6 30. Rd1 Re6 31. Rf1 Qd4+ 32. Rf2 Rxe4 33. Kg2
Qxc4 34. Qh6 Qe6 35. Qg5 Qe7 36. Qd2 Nb5 37. bxc5 bxc5 38. a4 Nd4 39. Kf1 Re6
40. Qb2 Re1+ 41. Kg2 Re2 42. Qb8+ Kg7 43. Qf4 Rxf2+ 44. Qxf2 Qe2 45. Qxe2 Nxe2
46. Kf3 Nd4+ 47. Ke4 Kf6 48. Kd5 Ne6 49. h4 Kf5 50. a5 Kg4 51. a6 Kxg3 52. Kc6
c4 53. Kb7 c3 54. Kxa7 c2 55. Kb7 c1=Q 56. a7 Qc7+ 57. Ka6 Qc8+ 58. Kb6 Qa8 59.
Ka6 Qc6+ 60. Ka5 Nc7 0-1

[Event "I Torneo Città di Biella"]
[Site "Biella ITA"]
[Date "2010.09.26"]
[Round "5.37"]
[White "Giachino, Adriano"]
[Black "Guderzo, Mirella"]
[Result "0-1"]
[WhiteElo "1711"]
[BlackElo "1512"]
[PlyCount "90"]
[EventDate "2010.09.24"]

1. e4 e5 2. Bc4 Nf6 3. d4 Nc6 4. Bg5 Be7 5. Nf3 Nxe4 6. Be3 d6 7. Nc3 Nxc3 8.
bxc3 O-O 9. O-O Bg4 10. Bd3 f5 11. Be2 e4 12. Ne1 Bxe2 13. Qxe2 Rf6 14. f3 f4
15. Bc1 e3 16. Nd3 Qe8 17. Bb2 Qh5 18. c4 Rh6 19. h3 Qg5 20. Kh1 Bf6 21. Bc1
Nxd4 22. Qe1 Nxc2 23. Qd1 Nxa1 24. Bb2 Bxb2 25. Nxb2 Re8 26. Qxa1 e2 27. Re1
Rg6 28. g4 fxg3 29. Nd3 Qh4 30. Kg2 Rf6 31. Qb2 Rfe6 32. Qc2 Qg5 33. c5 Qg6 34.
Qc4 Qf7 35. Nf4 Rf6 36. Qxf7+ Rxf7 37. Nxe2 Rfe7 38. Kxg3 Rxe2 39. Rd1 dxc5 40.
Rd7 R2e7 41. Rd3 c4 42. Rc3 b5 43. a4 c6 44. Kf2 Rd8 45. axb5 cxb5 0-1

[Event "I Torneo Città di Biella"]
[Site "Biella ITA"]
[Date "2010.09.26"]
[Round "5.38"]
[White "Castaldo, Antonio"]
[Black "Isoardi, Luigi"]
[Result "1/2-1/2"]
[WhiteElo "1705"]
[BlackElo "1464"]
[PlyCount "114"]
[EventDate "2010.09.24"]

1. Nf3 Nc6 2. g3 b6 3. Bg2 Bb7 4. O-O e6 5. d3 Nf6 6. Nc3 Be7 7. e4 d6 8. Ne1
Qc8 9. f4 O-O 10. Nf3 Rd8 11. Be3 Ng4 12. Bd2 Nf6 13. Kh1 Rb8 14. h3 e5 15. f5
Nb4 16. a3 Na6 17. g4 d5 18. Nxe5 dxe4 19. dxe4 Nc5 20. Nd5 Nxd5 21. exd5 f6
22. Nc6 Bxc6 23. dxc6 Bd6 24. Qe2 Re8 25. Qc4+ Kf8 26. a4 Qa6 27. Qb5 Re2 28.
Qxa6 Nxa6 29. Rfd1 Rbe8 30. b3 Rf2 31. Bf1 Nb8 32. Kg1 Bc5 33. Bb4 Rxc2+ 34.
Bxc5+ Rxc5 35. b4 Rc3 36. Rd4 Nxc6 37. Rc4 Rxc4 38. Bxc4 Nxb4 39. Rd1 Nc6 40.
Bb5 Rd8 41. Rc1 Nd4 42. Rxc7 Nxb5 43. axb5 Rd5 44. Rxa7 Rxb5 45. Ra8+ Ke7 46.
Ra7+ Kd6 47. Rxg7 h5 48. Rg6 hxg4 49. hxg4 Ke5 50. Kf2 Rb3 51. Ke2 b5 52. Kd2
b4 53. Kc2 Rg3 54. Kb2 b3 55. Ka3 Kd4 56. Rxf6 Rxg4 57. Kxb3 Ke5 1/2-1/2

[Event "I Torneo Città di Biella"]
[Site "Biella ITA"]
[Date "2010.09.26"]
[Round "5.39"]
[White "Forno, Diego"]
[Black "Cerutti, Fabio Maria"]
[Result "1-0"]
[WhiteElo "1621"]
[BlackElo "1404"]
[PlyCount "87"]
[EventDate "2010.09.24"]

1. e4 Nf6 2. Nc3 d6 3. Nf3 g6 4. d4 Bg7 5. Bg5 O-O 6. Qd2 Re8 7. h4 Bg4 8. Be2
Qd7 9. Bh6 Bh8 10. e5 Nh5 11. O-O-O Nc6 12. exd6 cxd6 13. d5 Ne5 14. Nxe5 Bxe5
15. f3 Bf5 16. g4 Bxc2 17. Qxc2 Ng3 18. Bb5 Qc7 19. Bxe8 Nxh1 20. Bxf7+ Kxf7
21. Rxh1 Rc8 22. f4 Bxc3 23. bxc3 Qa5 24. Rh3 Qxd5 25. Qb3 Rc5 26. Rd3 Qxb3 27.
axb3 a5 28. Bg5 b5 29. Re3 e6 30. Kb2 d5 31. Ka3 Rc6 32. Bd8 Ra6 33. Rd3 Ra8
34. Bc7 Ra7 35. Be5 Ra6 36. g5 Rc6 37. Rh3 Rc8 38. h5 Ke8 39. hxg6 hxg6 40. Rh6
Kf7 41. Rh7+ Ke8 42. Rg7 Rc6 43. Rxg6 Ra6 44. f5 1-0

[Event "I Torneo Città di Biella"]
[Site "Biella ITA"]
[Date "2010.09.26"]
[Round "5.40"]
[White "Carraria Martinotti, Ludovico"]
[Black "Redamante, Marzio"]
[Result "1/2-1/2"]
[WhiteElo "1440"]
[BlackElo "1440"]
[PlyCount "89"]
[EventDate "2010.09.24"]

1. e4 e5 2. Nf3 Nc6 3. Bc4 Be7 4. d4 d6 5. h3 exd4 6. Nxd4 Nxd4 7. Qxd4 Nf6 8.
Nc3 O-O 9. O-O b6 10. Be3 Bb7 11. Qd3 Qd7 12. Rad1 a6 13. a4 Rfe8 14. Bb3 Bf8
15. f3 g6 16. Rfe1 Bg7 17. Kh1 Re5 18. Re2 Nh5 19. Kg1 Rd8 20. Red2 b5 21. axb5
axb5 22. Ne2 Bc6 23. c3 Nf6 24. Nc1 d5 25. exd5 Nxd5 26. Bxd5 Rxd5 27. Qc2 Rxd2
28. Rxd2 Qe7 29. Rxd8+ Qxd8 30. Qf2 Qd1+ 31. Qf1 Qc2 32. Qe2 Qf5 33. Kf2 Bd7
34. Nb3 Bf6 35. Qd2 Bh4+ 36. Kg1 Bg3 37. Nd4 Qb1+ 38. Qc1 Qxc1+ 39. Bxc1 c5 40.
Ne2 Be5 41. Be3 c4 42. Kf2 Kg7 43. Bd4 Bxd4+ 44. Nxd4 f5 45. f4 1/2-1/2

[Event "I Torneo Città di Biella"]
[Site "Biella ITA"]
[Date "2010.09.26"]
[Round "5.41"]
[White "Monzeglio, Graziella"]
[Black "Solinas, Giuseppe"]
[Result "0-1"]
[WhiteElo "1218"]
[BlackElo "1491"]
[PlyCount "72"]
[EventDate "2010.09.24"]

1. d4 d5 2. Nf3 Nf6 3. Bg5 e6 4. e3 Be7 5. Bd3 Nc6 6. Nc3 O-O 7. O-O Ne8 8. e4
Bxg5 9. exd5 exd5 10. h4 Bxh4 11. Nxh4 Qxh4 12. Nxd5 Qxd4 13. Qh5 g6 14. Qf3
Bg4 15. Qe4 Qxe4 16. Bxe4 f5 17. Bd3 Ne5 18. f3 Bh5 19. g4 fxg4 20. fxg4 Nxg4
21. Ne7+ Kg7 22. Rxf8 Kxf8 23. Nd5 c6 24. Rf1+ Kg7 25. Nf4 Nef6 26. Ne6+ Kh6
27. Nc7 Rc8 28. Ne6 Nd5 29. c4 Nde3 30. Rf7 Ne5 31. Rxb7 Nxd3 32. Rxa7 Nxb2 33.
c5 Bg4 34. Ra3 Nec4 35. Rd3 Bxe6 36. Rd4 Rf8 0-1